Transfert Record Lens - Statistiques

Statistiques générales
  • Ce quiz a été pris 99 fois
  • Le résultat moyen est 14 sur 30
Statistiques - réponses
Arrivée De Année Joueur % Correct
30M Monptellier 2023 Elye Wahi
99%
8,5M Udinese 2020 Seko Fofana
97%
25M Al-Nassr 2023 Seko Fofana
97%
15M Bruges 2022 Loïs Openda
96%
38,5M Leipzig 2023 Loïs Openda
96%
14M Bale 2023 Andy Diouf
79%
5M Rennes 2001 El Hadji Diouf
79%
15M Liverpool 2002 El Hadji Diouf
79%
11M Real Madrid 2011 Raphaël Varane
73%
7,5M Marseille 2022 Jonathan Clauss
72%
22,60M Crystal Palace 2022 Cheick Doucouré
66%
7,20M Mayence 2023 Angelo Fulgini
57%
17M Rennes 2021 Loïc Badé
55%
5M Amiens 2021 Gaël Kakuta
49%
9M Rennes 2022 Christopher Wooh
48%
5,5M Augsbourg 2021 Kevin Danso
47%
6M New England 2022 Adam Buksa
43%
8M Lyon 1999 Tony Vairelles
37%
5M Clermont 2002 Salis Abdul Samed
28%
6M Nice 2020 Ignatus Ganago
27%
6,8M Liverpool 1999 Vladimir Smicer
20%
6M Everton 1999 Olivier Dacourt
19%
10,5M Leeds 2000 Olivier Dacourt
19%
6M Strasbourg 2006 Sidi Keita
16%
6,25 Lyon 2006 Alou Diarra
13%
10,60M Marseille 1999 Stéphane Dalmat
7%
6M Derby County 2000 Esteban Fuertes
4%
6,3M Everton 2000 Alex Nyarko
3%
9M Fulham 2004 Papa Bouba Diop
3%
5M Auxerre 2007 Kanga Aké
0%
Aucun quiz correspondant
Distribution des résultats
% des personnes avec chaque résultat
Percentile par nombre de réponses
Votre historique - résultats
Vous n’avez pas pris ce quiz